| 000 | 01311 a2200253 4500 | ||
|---|---|---|---|
| 005 | 20080901165741.0 | ||
| 008 | 080901t xxu||||| |||| 00| 0 eng d | ||
| 010 | _aENG-87503-05 | ||
| 020 |
_a8188629332 (set) _c1995.00 (set) |
||
| 035 | _aEN-71036-38 | ||
| 037 | _bDBAD / PUB | ||
| 082 | _a291.43 | ||
| 100 | _aBhatt, Shankerprasad S. | ||
| 245 |
_aPrayers of all religions of the world _cby Shankerprasad S. Bhatt and edited Pradip S. Bhatt |
||
| 260 |
_aDelhi _bOriginals _c2006 |
||
| 270 |
_aA-6, Nimri Commercial Centre, Near Ashok Vihar Phase-IV, _bDelhi _e110 052 |
||
| 300 |
_a3 V. (xxiv, 348p.; xxii, 418p.; xii, 300p.) _c22cm (Hb ) |
||
| 500 | _aThis book published in 3 vols. and set price is 1995.00 | ||
| 700 | _aBhatt, Pradip S. | ||
| 942 |
_adpl _cEN _k291.43 / BHA _2ddc _h291.43 _mBHA |
||
| 999 |
_c6605 _d6605 |
||